000 00349nam a2200145Ia 4500
008 220928s9999 xx 000 0 und d
020 _a9788131502860
082 _bANA
100 _aANANDARAM, K.S.
245 0 _aHUMAN RESOURCE DEVELOPMENT AND TRAINING
260 _bSCDL, PUNE
_c2013
300 _a254
650 _aHuman Rights
942 _cBK
999 _c208520
_d208520